Analýza možností odsoľovania vôd bakalárska práca

Guardado en:
Detalles Bibliográficos
Autor principal: Brandeburová, Paula
Formato: Libro
Lenguaje:eslovaco
Publicado: Bratislava STU FCHPT 2014
Acceso en línea:Ver en el OPAC
Etiquetas: Agregar Etiqueta
Sin Etiquetas, Sea el primero en etiquetar este registro!

MARC

LEADER 00000nam a2200000 a 4500
005 20260127134205.0
008 140918 2014 000 0 slo d
035 |a vtls010620712 
039 9 |y 201409181048  |z mschk03 
040 |a STUSCHK1  |b slo  |c STUSCHK1  |e AACR2 
100 1 |a Brandeburová, Paula 
245 1 |a Analýza možností odsoľovania vôd  |b bakalárska práca  |c Paula Brandeburová 
260 |a Bratislava  |b STU FCHPT  |c 2014 
300 |a 48 s.  |b Obr., tab.  |c 30 cm 
500 |a Obhájené: 15.7.2014 
500 |a Štud. program: chemické inžinierstvo 
500 |a Štud. odbor: chemické inžinierstvo 
500 |a Školiace pracovisko: Odd. chemického a biochemického inžinierstva 
500 |a Evid. číslo: FCHPT-5431-43106 
910 |a SCHK95 
999 |c 6254  |d 6254